000
00167 a2200073 4500
020
_a
9780007215270
082
_2
WILL
_a
641.526
245
_a
Everyday eating for babies and ch
999
_c
790855
_d
790854
942
_w
308
_x
Sibusiso Mabaso
_y
308
_z
Sibusiso Mabaso